|
|
|
|
| LEADER |
00000nab a2200000ua 4500 |
| 001 |
vtls010827205 |
| 003 |
SK-MaSNL |
| 005 |
20260303140956.0 |
| 008 |
230222s1973 xo |||||||||||||||||eng| |
| 035 |
|
|
|a (urnnbn)urn:nbn:sk:snk:ar-a06bab
|
| 035 |
|
|
|a urn:nbn:sk:snk-ab5t2z
|
| 035 |
|
|
|a (uuid)d885cde8-43a8-40a4-b3e6-1e26e9e68e0e
|
| 040 |
|
|
|a SNKBUCL
|b slo
|c SNKBUCL
|e AACR2
|
| 041 |
0 |
|
|a eng
|
| 044 |
|
|
|a xo
|c SK
|
| 100 |
1 |
|
|a Schwartz, E.
|4 aut
|9 1120202
|
| 245 |
1 |
0 |
|a Effect of Mycobacterium Bovis BCG-Praha on the Growth of Transplanted Daels' Sarcoma in Guinea-pigs
|c E. Schwartz
|
| 773 |
0 |
|
|t Neoplasma : journal of experimental and clinical oncology
|g Roč. 20, č. 4 (1973), s. 375-386
|
| 958 |
|
|
|a OND
|
| 958 |
|
|
|a EUIPO
|
| 958 |
|
|
|a article5
|
| 999 |
|
|
|c 1973608
|d 1975538
|